পঞ্চম পঞ্চ বার্ষিক পরিকল্পনা - ১৯৯৭-২০১২ (Record no. 3533)
[ view plain ]
| 000 -LEADER | |
|---|---|
| fixed length control field | 00701nam a2200157Ia 4500 |
| 008 - FIXED-LENGTH DATA ELEMENTS--GENERAL INFORMATION | |
| fixed length control field | 151213s9999 xx 000 0 und d |
| 082 ## - DEWEY DECIMAL CLASSIFICATION NUMBER | |
| Classification number | 338.9 |
| Item number | 338.9 |
| 100 ## - MAIN ENTRY--PERSONAL NAME | |
| Personal name | পরিকল্পনা মন্ত্রণ ালয় |
| 245 ## - TITLE STATEMENT | |
| Title | পঞ্চম পঞ্চ বার্ষিক পরিকল্পনা - ১৯৯৭-২০১২ |
| Statement of responsibility, etc. | পরিকল্পনা মন্ত্রণ ালয় |
| 260 ## - PUBLICATION, DISTRIBUTION, ETC. (IMPRINT) | |
| Place of publication, distribution, etc. | ঢাকা |
| Name of publisher, distributor, etc. | পরিকল্পন্ ামন্ত্রণালয়। |
| Date of publication, distribution, etc. | 1998 |
| 300 ## - PHYSICAL DESCRIPTION | |
| Extent | 6399 p. |
| 650 ## - SUBJECT ADDED ENTRY--TOPICAL TERM | |
| Topical term or geographic name as entry element | Reference |
| 650 ## - SUBJECT ADDED ENTRY--TOPICAL TERM | |
| Topical term or geographic name as entry element | Statistics Report : Reference |
| 700 ## - ADDED ENTRY--PERSONAL NAME | |
| Personal name | পরিকল্পনা মন্ত্রণ ালয় |
No items available.
